| 000 | 00721cab a2200253 4500 | ||
|---|---|---|---|
| 001 | ABS54730 | ||
| 008 | 090401t1996 xxu||||| |||| 00| 0 eng d | ||
| 035 | _a(Sirsi) u12024 | ||
| 041 | _aeng | ||
| 100 | _aBolton, A. | ||
| 245 | _aTop priority | ||
| 260 | _c1996 | ||
| 350 | _a0 | ||
| 490 |
_aContext _v(1165) 7 March 1996, 22-23(2) |
||
| 520 | _aInnisfree has launched a special investment fund aimed at providing financial support for PFI projects. | ||
| 650 | _aINFRASTRUCTURE INVESTMENT | ||
| 650 | _aINNISFREE PFI FUND | ||
| 650 | _aPFI | ||
| 650 | _aPRIVATE FINANCE INITIATIVE | ||
| 650 | _aPRIVATE SECTOR | ||
| 690 | _aPROPERTY-PROPERTY FINANCE AND INVESTMENT | ||
| 942 | _n0 | ||
| 948 | _c04/03/1997 | ||
| 999 |
_c7691 _d7691 |
||